Состояние атмосферного воздуха в пределах Оренбургской области; Экология и безопасность в техносфере: современные проблемы и пути решения

Bibliographic Details
Parent link:Экология и безопасность в техносфере: современные проблемы и пути решения.— 2017.— [С. 389-394]
Main Author: Смирнова Е. В.
Other Authors: Галимова Р. Г. (научный руководитель)
Summary:Заглавие с экрана
Статья посвящена анализу качества атмосферного воздуха в пределах Оренбургской области. Выявлены основные закономерности загрязнения атмосферного воздуха Оренбургской области.
The article is devoted to analysis of the quality of atmospheric air in the Orenburg region. Analyzed the main regularities of pollution of atmospheric air in the Orenburg region.
Language:Russian
Published: 2017
Series:Экологические основы прогрессивных технологий
Subjects:
Online Access:http://earchive.tpu.ru/handle/11683/46643
Format: Electronic Book Chapter
KOHA link:https://koha.lib.tpu.ru/cgi-bin/koha/opac-detail.pl?biblionumber=626429

MARC

LEADER 00000naa2a2200000 4500
001 626429
005 20231101133418.0
035 |a (RuTPU)RU\TPU\conf\25799 
035 |a RU\TPU\conf\25797 
090 |a 626429 
100 |a 20180228d2017 k y0rusy50 ca 
101 0 |a rus  |d eng 
102 |a RU 
105 |a y z 101zy 
135 |a drcn ---uucaa 
181 0 |a i  
182 0 |a b 
200 1 |a Состояние атмосферного воздуха в пределах Оренбургской области  |f Е. В. Смирнова  |g науч. рук. Р. Г. Галимова 
203 |a Текст  |c электронный 
225 1 |a Экологические основы прогрессивных технологий 
230 |a 1 компьютерный файл (pdf; 203 Kb) 
300 |a Заглавие с экрана 
320 |a [Библиогр.: с. 394 (1 назв.)] 
330 |a Статья посвящена анализу качества атмосферного воздуха в пределах Оренбургской области. Выявлены основные закономерности загрязнения атмосферного воздуха Оренбургской области. 
330 |a The article is devoted to analysis of the quality of atmospheric air in the Orenburg region. Analyzed the main regularities of pollution of atmospheric air in the Orenburg region. 
463 0 |0 (RuTPU)RU\TPU\conf\25447  |t Экология и безопасность в техносфере: современные проблемы и пути решения  |o сборник трудов Всероссийской научно-практической конференции молодых ученых, аспирантов и студентов, г. Юрга, 23-25 ноября 2017 г.  |f Национальный исследовательский Томский политехнический университет (ТПУ), Юргинский технологический институт (ЮТИ) ; под ред. Д. А. Чинахова [и др.]  |v [С. 389-394]  |d 2017 
610 1 |a электронный ресурс 
610 1 |a загрязнения 
610 1 |a водохранилища 
610 1 |a тяжелые металлы 
610 1 |a Оренбургская область 
610 1 |a экологическая обстановка 
610 1 |a загрязняющие вещества 
700 1 |a Смирнова  |b Е. В. 
702 1 |a Галимова  |b Р. Г.  |4 727 
801 2 |a RU  |b 63413507  |c 20180312  |g RCR 
856 4 |u http://earchive.tpu.ru/handle/11683/46643 
942 |c BK